The Leap of Faith (Record no. 28798)

MARC details
000 -LEADER
fixed length control field 00800nam a2200121Ia 4500
008 - FIXED-LENGTH DATA ELEMENTS--GENERAL INFORMATION
fixed length control field 220620s9999||||xx |||||||||||||| ||und||
245 #4 - TITLE STATEMENT
Title The Leap of Faith
Remainder of title The Fiscal Foundations of Successful Government in Europe and America
546 ## - LANGUAGE NOTE
Language note English[eng]
650 ## - SUBJECT ADDED ENTRY--TOPICAL TERM
Topical term or geographic name entry element tax compliance||Sweden||United States||Britain||Romania||Italy||tax evasion||fairness||developing countries||tax policies||developed countries||history of tax||Income tax
700 ## - ADDED ENTRY--PERSONAL NAME
Personal name Steinmo, Sven H.
856 ## - ELECTRONIC LOCATION AND ACCESS
Uniform Resource Identifier <a href="https://library.oapen.org/bitstream/20.500.12657/28909/1/9780198796817.pdf||https://library.oapen.org/bitstream/20.500.12657/28909/1/9780198796817.pdf||https://library.oapen.org/bitstream/20.500.12657/28909/1/9780198796817.pdf||https://library.oapen.org/bitstream/20.500.12657/28909/1/9780198796817.pdf">https://library.oapen.org/bitstream/20.500.12657/28909/1/9780198796817.pdf||https://library.oapen.org/bitstream/20.500.12657/28909/1/9780198796817.pdf||https://library.oapen.org/bitstream/20.500.12657/28909/1/9780198796817.pdf||https://library.oapen.org/bitstream/20.500.12657/28909/1/9780198796817.pdf</a>
942 ## - ADDED ENTRY ELEMENTS (KOHA)
Koha item type E-Books
Holdings
Withdrawn status Lost status Damaged status Not for loan Home library Current library Date acquired Total Checkouts Date last seen Price effective from Koha item type
        Kerala University of Digital Sciences, Innovation and Technology Knowledge Centre Kerala University of Digital Sciences, Innovation and Technology Knowledge Centre 20/06/2022   20/06/2022 20/06/2022 E-Books